00666nam a2200229 a 4500001001300000003000900013005001700022008004100039020002300080082001300103100001700116245002800133260004400161300001000205500003500215650002300250700001700273902000800290942000700298952011400305999001700419nice12345678IN_TiNIC20260116014015.0131001s1964 newa grp 000 0 eng  a9780140441390c25000a808bTOL aTolstoy, L N aChildhood Boyhood Youth aNew Delhi, India bPenguin Books c1964 a319p  aincludes index and biblioraphy aEnglish-Literature1 aTolstoy, L N bSRS cBK 001040708StackRoom-aHMIbHMId2013-10-01g250.00l0o808 TOLp024101r2013-10-01v250.00w2013-10-01yBK c13476d13476